000
00423nam a2200145Ia 4500
008
100122s9999 xx 000 0 und d
082
_b
69486
_a
823.5
100
_a
विद्यासागर पंडित
245
_a
अंतराळी
260
_b
कर्नाटक प्रकाशन
_c
2003
300
_a
191
630
_a
अंतराळी
730
_a
अंतराळी
942
_c
BOOK
999
_c
440779
_d
440776